[Event "Subasic Memorial 3rd"]
[Site "Zenica"]
[Date "2004.12.06"]
[Round "2"]
[White "Cebalo, Miso"]
[Black "Atalik, Suat"]
[Result "0-1"]
[WhiteElo "2520"]
[BlackElo "2541"]
[Annotator "Atalik,S"]
[PlyCount "70"]
[EventDate "2004.12.05"]
[EventType "tourn"]
[EventRounds "9"]
[EventCountry "BIH"]
[EventCategory "7"]
[SourceTitle "CBM 104"]
[Source "ChessBase"]
[SourceDate "2005.01.27"]
[SourceVersion "1"]
[SourceVersionDate "2005.01.27"]
[SourceQuality "1"]

1. d4 d5 2. c4 c6 3. Nf3 Nf6 4. Nc3 dxc4 5. a4 Bf5 6. Ne5 {Miso recently had a
switch from some more positional lines to this.} Nbd7 7. Nxc4 Nb6 ({These days
the players with white pieces enjoy an edge against Morozevich's :} 7... Qc7 8.
g3 e5 9. dxe5 Nxe5 10. Bf4 Nfd7 11. Bg2 g5 12. Bxe5 Nxe5 13. Qd4 f6 14. O-O-O
Be7 15. Ne3 Bg6 (15... Be6 16. Qe4 $40) 16. Be4 $40) 8. e3 $5 {This is less
popular than} (8. Ne5 a5 {a system which is championed by Ivan Sokolov.} 9. Bg5
$5 (9. g3 e6 10. Bg2 Bb4 11. O-O O-O 12. e3 h6 13. Qe2 Bh7 14. Rd1 Nfd7 15.
Nxd7 Nxd7 16. e4 Qe7 17. Be3 Rfe8 $1 18. d5 exd5 19. exd5 Rac8 $132)) 8... e6
9. a5 $5 ({White can not build up his center immediately with} 9. f3 Bb4 10.
Qb3 (10. e4 $2 Nxe4 11. fxe4 Qh4+ 12. Kd2 Nxc4+ 13. Bxc4 Qxe4 $19) 10... a5 11.
e4 Bg6 12. Be3 (12. Nxb6 Qxb6 13. Be3 e5 14. Rd1 Rd8 15. Qc4 O-O $132) 12...
Nfd7 $13) 9... Nxc4 10. Bxc4 {Now we have a position reminiscent of
Uhlmann-Sosonko System over the board.} Be7 $6 {I am not happy with my choice.
It results in a passive position for black.} (10... Bd6 11. f3 e5 12. dxe5 (12.
e4 exd4 13. Ne2 Bd7 14. Qxd4 Qe7 $132) 12... Bxe5 13. Qxd8+ (13. e4 Qe7) 13...
Rxd8 14. e4 Be6 15. Bxe6 fxe6 16. Be3 Bd4 $13) (10... Bg6 $5 11. O-O (11. f3
Qc7 12. e4 Rd8 13. Be3 Bd6) 11... Bd6 $132) (10... Bb4 $5 {I am surprised that
this has never been tried.} 11. Qa4 Qe7 12. O-O O-O 13. f3 Bg6 14. e4 (14. Na2
Bd6 15. e4 e5 16. f4 $2 b5 17. axb6 axb6 18. Qb3 b5 $17) 14... Rad8 $1 15. Rd1
$2 e5 $17) 11. f3 Bg6 12. e4 O-O 13. Be3 (13. O-O $6 {is careless.} Bb4 14. a6
b5 15. Bb3 Qb6 16. Be3 Rfd8 17. Bf2 e5 18. dxe5 Qc7 19. Qc2 Qxe5 $40 {x a6.})
13... b5 14. axb6 axb6 15. O-O Rxa1 16. Qxa1 Qb8 $1 {In this Slav Defence if
white builds up his center you have to look counterplay in b8-h2 diagonal.} 17.
Qa6 $1 c5 $1 ({I have felt that} 17... Bd8 $6 {may turn out to be slow.} 18.
Ne2 $1 (18. g3 $2 b5 19. Bb3 Bb6 20. Bf2 Rd8 21. Rd1 Rd7 $40) 18... Nd7 $1 (
18... Bc7 19. g3 b5 20. Bb3 Bb6 21. Rc1) 19. Rc1 $1 (19. Ra1 $5 b5 20. Bd3 Bb6
21. Rc1 Qd6 22. Qb7 $140 c5 23. Bxb5 (23. e5 $2 Nxe5 24. Bxg6 cxd4 25. Bxh7+
Kxh7 26. Qe4+ Kg8 27. Bxd4 Rd8 $19) 23... cxd4 24. Qxd7 Qxd7 25. Bxd7 dxe3 26.
Kf1 Rd8 27. Rc8 Rxc8 28. Bxc8 Kf8 29. Nc3 Ke7 30. Ke2 Kd6 31. Nd1 $16 {rounds
up the pawn.}) 19... Bc7 20. g3 Bd6 21. Nf4 c5 (21... e5 $2 22. dxe5 Bc5 23.
Bxc5 Nxc5 24. Qa1 Qxe5 25. b4 Qxa1 26. Rxa1 Nd7 27. Nd3 Rd8 28. Ra7 Kf8 29. Rc7
$16)) 18. Nb5 (18. Qb5 Qc7 $132) (18. d5 exd5 19. Nxd5 Nxd5 20. Bxd5 Kh8 21. f4
f6 22. Ra1 Bd6 23. g3 Bf7 24. Bxf7 Rxf7 25. Qa8 Rb7 $1 $11 {holds.}) 18... Rd8
$6 {Another risky decision.} (18... cxd4 $142 19. Bxd4 Nd7 20. Rd1 Rd8 21. Bf2
Nc5 22. Rxd8+ Qxd8 $11) 19. dxc5 ({To play on the strong center does not give
enough compensation to white in my opinion.} 19. b4 $6 cxb4 20. Qa2 Ne8 $132)
19... Bxc5 20. Bxc5 bxc5 {Now black should be exremely careful because of the
loose pawn on c5.} 21. Qa5 $1 {Miso could have forced a draw.} (21. Qa7 Qxa7
22. Nxa7 Rd2 23. Rf2 Rd1+ 24. Rf1 $11) 21... h5 $1 {Black has to create
counterplay in kingside.} 22. h4 $2 {Simply too optimistic this time.} (22. Qc7
$1 Qxc7 23. Nxc7 Rd2 24. b3 (24. Rf2 $11) 24... h4 $1 (24... Nd7 $2 25. Rc1 Ne5
26. Bf1) (24... Rc2 25. Rd1) 25. Na6 h3 (25... Nd7 26. Bb5 Ra2 27. Rc1 (27. h3
Ra5 28. Bxd7 Rxa6 $11) 27... h3 28. Bxd7 Rxa6 29. Rxc5 Ra1+ 30. Kf2 Ra2+ 31.
Kg3 hxg2 32. Rc1 Rc2 33. Rg1 Rc3 34. Kg4 Rxb3 35. Rxg2 $11) 26. gxh3 Nh5 27.
Nxc5 Nf4 28. Kh1 Nxh3 29. Nd3 Bh5 30. b4 Ng5 31. Ne5 Rd4 $11) (22. e5 $2 Nd5
23. Rd1 Rd7 24. f4 Be4 25. Qe1 Bxg2 26. Kxg2 Nxf4+ 27. Kf3 Rxd1 28. Qxd1 Qxe5
29. Qd6 Ng6 $17) 22... Rd7 $1 {I have already seen the sacrificial idea with
Be4 and Ng4 but first I had to remove the rook from d8.} 23. Qe1 (23. Qc3 Rb7
24. Qd3 Qg3 25. Qd2 Qxh4 26. Qd8+ Kh7 $19 {wins a pawn.}) 23... Rb7 24. Qe2
Bxe4 $1 {This move is very important. Not only black gets rid of his bad
bishop but b8-h2 diagonal turns out to be lethal.} 25. fxe4 Ng4 26. e5 $8 (26.
g3 Qxg3+ 27. Kh1 Qxh4+ 28. Kg1 Qg3+ 29. Kh1 Rd7 (29... Ne3 $5 30. Rf3 Qh4+ 31.
Kg1 Nxc4 32. Qxc4 Rd7 33. Qf1 Qxe4 $19 {looks also bad for white with 4 pawns
against a knight.}) 30. Nc3 (30. b3 Rd1 $1 $19) 30... Ne3 31. Bb5 Qh4+ 32. Kg1
Qg5+ 33. Kf2 Ng4+ 34. Ke1 Qh4+ 35. Rf2 Ra7 $19) 26... Nxe5 27. Bxe6 $1 {
I knew that Miso would have found this move easily. This was his only chance.}
fxe6 $8 {To play with the knight against the bishop is a dangerous idea.} (
27... Rxb5 $2 28. Re1 (28. Bd5 c4) 28... Ng4 (28... c4 29. Bxc4) 29. Bxg4 hxg4
30. Qe8+ Qxe8 31. Rxe8+ Kh7 32. Re5 (32. Kf2 $2 Rxb2+ 33. Kg3 c4 34. Rc8 Rc2
$19) 32... f6 33. Rd5 g3 34. Kf1 Rxb2 35. Rxc5 Rf2+ 36. Kg1 f5 37. h5 $1 Kh6
38. Rc7 f4 39. Rf7 $11) 28. Nc3 $2 {I was surprised by this.} ({I was
anticipating} 28. Re1 $1 Nf7 (28... Rxb5 $2 29. Qxe5 Qxe5 30. Rxe5 $11) (28...
Ng4 $2 29. Qxe6+ Kh7 30. Nd6 $16) 29. Nc3 Rxb2 (29... Qg3 30. Ra1 (30. Ne4 Qxh4
)) 30. Qxe6 (30. Qf3 Nh6 $19) 30... Qg3 31. Qe8+ Kh7 32. Qe4+ Kh6 (32... g6 $2
33. Rf1 Ne5 34. Ne2 $16) 33. Qe3+ Qxe3+ 34. Rxe3 g6 35. Re6 c4 36. Ne4 Kg7 37.
Re7 Kf8 38. Rc7 Ne5 39. Nd6 Rc2 $17) 28... Ng4 29. Qxe6+ Kh8 $8 (29... Kh7 $4 {
would have spoiled everything.} 30. Qf5+ $1 g6 31. Qf4 Qxf4 32. Rxf4 Rxb2 33.
Ne4 c4 (33... Rb1+ 34. Rf1 Rxf1+ 35. Kxf1 c4 36. Ke2 Kg7 37. Kd2 Ne5 38. Kc3
Kf7 39. Kd4 Ke6 40. Ng3 Ng4 41. Ne4 Nh6 42. Kxc4 Kf5 43. Kd5 Kg4 44. Ke6 Nf5
45. Kf6 Nxh4 46. g3 $11) (33... Rc2 34. Nf6+ $11) 34. Nf6+ Nxf6 35. Rxf6 c3 36.
Rc6 c2 37. Rc7+ Kg8 38. Kh2 Kf8 39. Kg3 Ke8 40. Kf4 Kd8 41. Rc3 Kd7 42. Ke5 (
42. Kg5 $2 Kd6 43. Kxg6 Kd5 44. Kxh5 Kd4 45. Rc8 (45. Rxc2 Rxc2 $19 {and
blacks king close enough.}) 45... Rb5+ 46. Kg6 Rc5 $19) 42... Ra2 43. Kd5 $1
$11) 30. Rf5 {To run with the king up is the only idea for white.} Qh2+ 31. Kf1
Qh1+ 32. Ke2 Qxg2+ (32... Rxb2+ {also wins but unnecessarily complicates the
issue.} 33. Kd3 Nf2+ 34. Rxf2 Rxf2 35. Qe8+ Kh7 36. Qxh5+ Kg8 37. Qd5+ Rf7 38.
Ne4 Qd1+ $19) 33. Kd3 {The king has to go up since b2 may fall with a check.} (
33. Ke1 Qg3+ $1 (33... Nf6 $4 {is the only trick black can fall into.} 34.
Rxh5+ Nxh5 35. Qe8+) 34. Kd1 Ne3+ $19) (33. Kd1 Qg1+ 34. Kc2 Ne3+ 35. Kd3 c4+
36. Ke4 Nxf5 37. Qxf5 Qg4+ $19) 33... Qh3+ {After a long thought I have
decided for the text because of the x- ray between f5 and h3 squares.} (33...
Qg3+ 34. Kc4 Ne3+ 35. Kxc5 Qc7+ 36. Kd4 Nxf5+ 37. Qxf5 Rb4+ (37... Qd7+ 38.
Qxd7 Rxd7+ 39. Kc4 (39. Ke4 Rb7 $19) 39... g5 $1 $19)) 34. Kc4 $2 {Miso
decided to give up with that.} (34. Ke4 $8 Rb4+ 35. Kd5 Qd3+ $8 (35... Ne3+ $2
36. Kxc5 Rc4+ 37. Kb5 $1 Qxf5+ 38. Qxf5 Nxf5 39. Kxc4 Nxh4 40. b4 $11) 36. Kc6
Qa6+ $19 {and white loses his queen.}) 34... Ne3+ 35. Qxe3 Qxe3 0-1

[Event "Jakarta Japfa"]
[Site "Jakarta"]
[Date "2014.04.22"]
[Round "4"]
[White "Atalik, Suat"]
[Black "Nguyen, Huynh Minh Huy"]
[Result "1/2-1/2"]
[WhiteElo "2562"]
[BlackElo "2474"]
[Annotator "Atalik,S"]
[PlyCount "130"]
[EventDate "2014.04.20"]
[EventType "tourn"]
[EventRounds "9"]
[EventCountry "INA"]
[EventCategory "8"]
[SourceTitle "CBM 161"]
[Source "ChessBase"]
[SourceDate "2014.07.16"]
[SourceVersion "1"]
[SourceVersionDate "2014.07.16"]
[SourceQuality "1"]

1. d4 d5 2. c4 c6 3. Nf3 Nf6 4. Nc3 dxc4 5. a4 Bf5 6. Ne5 {These days I am for
the main line Slav, although in many lines how to get a real advantage is a
serious question.} Nbd7 7. Nxc4 Nb6 8. Ne3 $5 {I chose a more direct approach
than the main lines.} (8. Ne5 a5 9. e3) ({or} 8. e3 e6 9. Qb3 Nxc4 10. Bxc4 Qb6
11. f3 {are the most frequently chosen lines.}) 8... Bg6 9. a5 (9. g4 $5 e6 10.
Bg2 a5 11. f4 $13) 9... Nbd7 $6 {I really dislike this move.} (9... Nbd5 $1 10.
Qb3 e6 11. Nexd5 Nxd5 12. e4 Nxc3 13. bxc3 Bxe4 14. f3 Bd5 15. c4 Bxf3 $1 (
15... Qh4+ $6 16. g3 Qxd4 17. Ra4 (17. Ra2 Bb4+ 18. Bd2 Bxd2+ 19. Rxd2 Qa1+ 20.
Kf2 Qxa5 21. Rb2 Bxf3 22. Kxf3 O-O) 17... Bc5 (17... Bxf3 18. Qxf3 O-O-O 19.
Be2 Bc5 20. Kf1 $16) 18. cxd5 Qf2+ 19. Kd1 O-O-O 20. Ra2 Qd4+ 21. Kc2 Rxd5 22.
Bc4 Rd6 23. Qc3 $14) 16. gxf3 Qxd4 17. Ra2 (17. Bb2 Qf4) 17... Bc5 (17... O-O-O
$2 18. Be3) 18. Rd2 Qh4+ 19. Kd1 O-O $44) 10. g3 e6 (10... e5 $5 11. dxe5 Nxe5
12. Qxd8+ Rxd8 13. a6 b6 14. Bg2 $14) 11. Bg2 Rc8 12. O-O Be7 13. Nc2 $1 {
GM Boris Savchenko's idea. The knight is much better developped on this
backward square} ({than} 13. Nc4 O-O 14. e4 b5 $132) 13... b5 14. axb6 axb6 15.
e4 b5 16. f3 $1 O-O 17. Be3 (17. b4 $6 Nb6) 17... c5 $2 {This just loses a
pawn for nothing.} ({I was expecting} 17... b4 18. Na4 e5 19. dxe5 Nxe5 20.
Qxd8 Rfxd8 21. Bc5 $1 $16) 18. Nxb5 Qb6 19. Nca3 $1 cxd4 20. Bxd4 Bc5 21. b4 $1
$18 Bxd4+ 22. Qxd4 Rb8 (22... Qb8 23. Na7 $18) 23. Qxb6 Rxb6 24. Rfd1 Rfb8 25.
Nd4 e5 26. Ndc2 Nf8 27. Nc4 Rc6 28. N2e3 $1 N6d7 29. Bh3 Rc7 30. b5 $1 Rxb5 (
30... f6 31. b6 $18) 31. Nd6 ({My original idea was to win an exchange with} 
31. Nd5 Rxd5 (31... Rxc4 32. Ne7+ Kh8 33. Ra8 Rb8 34. Rxb8 Nxb8 35. Rd8 $18)
32. Rxd5 $18) 31... Rb2 32. Nd5 Rcc2 33. Ne7+ Kh8 34. Ra8 h5 35. Nc4 $6 $138 {
From now on I did every possible thing not to win this game.} (35. Nxg6+ $142
fxg6 36. Nf7+ Kh7 37. Rxd7 Rc1+ 38. Bf1 Rbb1 39. Rxf8 $18) 35... Rxc4 36. Bxd7
$2 ({Again the fastest was} 36. Nxg6+ $1 Kh7 (36... fxg6 37. Bxd7 Kh7 38. Rxf8
Rcc2 39. Bh3 Rxh2 40. Rdd8 Kh6 41. f4 $1 $18) 37. Nxf8+ Nxf8 38. Rxf8 $18)
36... Kh7 37. Rxf8 Rcc2 38. Bh3 Rxh2 39. Bf1 $2 ({Missing a second checkmate
with} 39. Rdd8 $1 Kh6 40. f4 exf4 41. gxf4 Rxh3 42. Rh8+ Bh7 43. Nf5+ Kg6 44.
Rd6+ f6 45. Rd7 $18) 39... Rhf2 40. Rd3 $2 (40. Rdd8 Kh6 41. Rh8+ Kg5 42. Rd3
Rfc2 43. Rd5 f6 44. Rg8 $18) 40... Rfc2 41. Nxg6 (41. Rfd8 f6 42. Nf5 Bxf5 43.
exf5 $18) (41. Rd6 $2 Rc1 42. Rc6 Re1 43. Rcc8 Kh6 $132) (41. Rc8 $18 {was
needless but simple enough.}) 41... Kxg6 42. Rfd8 $4 ({I could have played my
original intention} 42. Rd6+ f6 43. Rd7 Rc1 44. Rff7 f5 {even in a blindfold
game.} 45. exf5+ $18) 42... f6 43. R8d7 $2 (43. f4 exf4 44. gxf4 $18) 43... Kh6
44. R7d5 g6 45. Rd1 Rf2 46. R1d3 Rfc2 $44 47. f4 exf4 48. gxf4 Rf2 $11 {
An unbelievable turn of events. My time trouble should not be a valid excuse
for what I did!} 49. f5 gxf5 $1 (49... Rf4 50. fxg6 (50. Rg3 Rb1 51. Rxg6+ Kh7
52. Rd7+ Kh8) 50... Rg4+ 51. Kh1 Rxe4 52. Rg3 Re1 53. Rf5 Kg7 $11 {was another
line but what he played is the best.}) 50. Rxf5 Rxf5 51. exf5 Kg5 52. Bh3 (52.
Rd5 h4 53. Bd3 Kg4 $11) 52... Kf4 53. Kf1 h4 54. Ke1 Rb1+ 55. Kd2 Rg1 $1 {
This one just draws. This half a point made me lose the second place in the
tournament!} 56. Rd4+ Kg5 57. Ke2 Rg3 58. Rd3 Rxd3 $1 59. Kxd3 Kf4 60. Kd4 Kg3
61. Bf1 h3 62. Bd3 (62. Bxh3 Kxh3 63. Kd5 Kg4 64. Ke4 $1 $11) 62... h2 63. Be4
Kf4 64. Kd5 h1=Q 65. Bxh1 Kxf5 1/2-1/2